Di sebalik senyumanku

Bibliographic Details
Main Author: Nina Kirana
Format: Book
Published: Kuala Lumpur : Berita Publishing , 1992
Subjects:

MARC

LEADER 00000cam a2200000 7i4500
001 0000003050
005 20050422.0
020 |a 9679693961 
040 |a INS 
090 0 0 |a PL5192.N56   |b D573 1992 
100 1 |a Nina Kirana 
245 1 0 |a Di sebalik senyumanku   |c Nina Kirana 
260 |a Kuala Lumpur :   |b Berita Publishing ,   |c 1992 
300 |a 104p ;   |c 17cm. 
650 0 0 |a Malay fiction 
999 |a 0000006075   |b BOOK   |c Open Shelf   |e Default branch